24 Life Secrets for Career Beginners/ (Record no. 186871)

MARC details
000 -LEADER
fixed length control field 00545nam a22001817a 4500
005 - DATE AND TIME OF LATEST TRANSACTION
control field 20220322114847.0
010 ## - LCCN (DPL NO)
LC control number ENG-132058
020 ## - INTERNATIONAL STANDARD BOOK NUMBER
International Standard Book Number 9789389226102
Terms of availability 180.00
035 ## - SYSTEM CONTROL NUMBER
System control number EN-115590
037 ## - SOURCE OF ACQUISITION
Source of stock number/acquisition DBAD
082 ## - DEWEY DECIMAL CLASSIFICATION NUMBER
Classification number 650.1
100 ## - MAIN ENTRY--PERSONAL NAME
Personal name Raju, C.S.
245 ## - TITLE STATEMENT
Title 24 Life Secrets for Career Beginners/
Statement of responsibility, etc C.S. Raju
260 ## - PUBLICATION, DISTRIBUTION, ETC. (IMPRINT)
Place of publication, distribution, etc Chennai
Name of publisher, distributor, etc Coral Publishers & Distributors.
Date of publication, distribution, etc 2019
270 ## - ADDRESS
Address Thirumullaivoyal ,
City Chennai
Postal code 600109
Electronic mail address coralbooks2016@gmail.com
300 ## - PHYSICAL DESCRIPTION
Extent 160p
Dimensions 21cm(pbk)
942 ## - ADDED ENTRY ELEMENTS (KOHA)
Source of classification or shelving scheme Dewey Decimal Classification
Item type English Books
Classification part 650.1
Call number suffix RAJ
Holdings
Withdrawn status Lost status Not for loan Collection code Home library Current library Date acquired Source of acquisition Cost, normal purchase price Full call number Barcode Copy number Cost, replacement price Koha item type
      Non-fiction Bawana Bawana 22/03/2022 DBAD/PUB 180.00 650.1 RAJ EN-115590 1 180.00 English Books

© Delhi Public Library
Hit Counter
free hit counter